000 00589nam a2200205 i 4500
001 55119
003 ES-MaACL
005 20250911062640.0
007 t|
008 030912s1955 sp ||||1| spa d
100 1 _aDelibes, Miguel,
_d1920-2010
_9233557
245 1 0 _aDiario de un cazador /
_cMiguel Delibes.
250 _a[1ª ed.].
260 _aBarcelona :
_bDestino,
_c[1955] (
_fAgustín Núñez)
300 _a213 p. ;
_c19 cm.
490 1 _aAncora y delfín ;
_v107
830 0 0 _aÁncora y Delfín
_v107
_9151298
852 _aES-MaACL
_jC-9760
_bR.37498
999 _c55119
_d55119